| 000 | 00691nam a2200193Ia 4500 | ||
|---|---|---|---|
| 008 | 151119s9999||||xx |||||||||||||| ||und|| | ||
| 082 | _a152.454 | ||
| 082 | _bGKKV29371 | ||
| 100 | _a"घाणेकर, मधुसूदन" | ||
| 245 | _aमुळाक्षरे आणि तुमचा स्वभाव | ||
| 260 | _a--- | ||
| 260 | _b--- | ||
| 260 | _c2009 | ||
| 600 | _a"घाणेकर, मधुसूदन" | ||
| 630 | _aमुळाक्षरे आणि तुमचा स्वभाव | ||
| 700 | _a"घाणेकर, मधुसूदन" | ||
| 730 | _aमुळाक्षरे आणि तुमचा स्वभाव | ||
| 942 | _cBOOK | ||
| 999 |
_c1081732 _d1081729 |
||